Giáo trình mạng Novell Netware 5
Sách trình bày những kiến thức cơ sở về kỹ thuật nối mạng máy tính; đồng thời giới thiệu chuyên sâu về tính năng cụ thể của phần mềm Netware 5
Na minha lista:
| Autor principal: | |
|---|---|
| Formato: | Livro |
| Idioma: | Undetermined |
| Publicado em: |
Hà Nội
Giáo Dục
2000
|
| Assuntos: | |
| Tags: |
Adicionar Tag
Sem tags, seja o primeiro a adicionar uma tag!
|
| Thư viện lưu trữ: | Trung tâm Học liệu Trường Đại học Cần Thơ |
|---|
| LEADER | 00850nam a2200205Ia 4500 | ||
|---|---|---|---|
| 001 | CTU_36823 | ||
| 008 | 210402s9999 xx 000 0 und d | ||
| 020 | |b 135.000đ | ||
| 082 | |a 005.13 | ||
| 082 | |b D513n | ||
| 100 | |a Phạm Hoàng Dũng | ||
| 245 | 0 | |a Giáo trình mạng Novell Netware 5 | |
| 245 | 0 | |c Phạm Hoàng Dũng, Hoàng Đức Hải | |
| 260 | |a Hà Nội | ||
| 260 | |b Giáo Dục | ||
| 260 | |c 2000 | ||
| 520 | |a Sách trình bày những kiến thức cơ sở về kỹ thuật nối mạng máy tính; đồng thời giới thiệu chuyên sâu về tính năng cụ thể của phần mềm Netware 5 | ||
| 650 | |a internet ( computer network ),netware ( computer program language ) | ||
| 904 | |i Minh, 000608 | ||
| 980 | |a Trung tâm Học liệu Trường Đại học Cần Thơ | ||